Normal view
MARC view
Entry Personal Name
001 - CONTROL NUMBER
- control field: 158108
003 - CONTROL NUMBER IDENTIFIER
- control field: OSt
005 - DATE AND TIME OF LATEST TRANSACTION
- control field: 20220923211105.0
008 - FIXED-LENGTH DATA ELEMENTS
- fixed length control field: 220923|| aca||aabn | a|a d
040 ## - CATALOGING SOURCE
- Original cataloging agency: OSt
- Transcribing agency: OSt
100 ## - HEADING--PERSONAL NAME
- Personal name: बॉटमोर, टी.बी.; मिश्र, वंदना, अनु
670 ## - SOURCE DATA FOUND
- Source citation: Work cat.: (OSt)295104: बॉटमोर, टी.बी.; मिश्र, वंदना, अनु., आधुनिक समाज में वर्ग, 2006
